| 000 | 01278 a2200229 4500 | ||
|---|---|---|---|
| 003 | Nust | ||
| 005 | 20221209090249.0 | ||
| 010 | _a 91014092 | ||
| 020 | _a0675213118 | ||
| 040 | _cNust | ||
| 082 | 0 | 0 | _a621.382,SCH |
| 100 | 1 |
_aSchoenbeck, Robert J. _957128 |
|
| 245 | 1 | 0 |
_aElectronic communications : _bmodulation and transmission / _cRobert J. Schoenbeck. |
| 250 | _a2nd ed. | ||
| 260 |
_aNew York : _bMerrill ; _aToronto : _bMaxwell Macmillan Canada ; _aNew York : _bMaxwell Macmillan International, _cc1992. |
||
| 300 |
_axxiv, 645 p. : _bill. ; _c24 cm. |
||
| 440 | 0 |
_aMerrill's international series in engineering technology _97453 |
|
| 505 | _aAmplitude Modulation Principles (Page-1), AM Transmitters (Page-26), Sideband Transmission (Page-71), AM Radio Receivers (Page-103), Frequency Modulation Principles (Page-169), Frequency Modulated Transmitters (Page-201), FM Receivers (Page-225), Transmission Lines (Page-263), Smith Charts (Page-301), Antennas (Page-333), Wave Propagation (Page-383), Microwave Systems and Devices (Page-399), The Communication Satellite (Page-463), Fiber Optics (Page-487), Digital Modulation (Page-535), Television (Page-607) | ||
| 650 | 0 |
_aModulation (Electronics) _998248 |
|
| 650 | 0 | _aTelecommunication Engineering | |
| 942 |
_2ddc _cBK |
||
| 999 |
_c182595 _d182595 |
||